D. B. Needham Lifestile Survey Data Disk for Use With Consumer Behavior Building Mktg. Strategy (Record no. 60814)

MARC details
000 -LEADER
fixed length control field 00437nam a2200145Ia 4500
008 - FIXED-LENGTH DATA ELEMENTS--GENERAL INFORMATION
fixed length control field 221007s9999 xx 000 0 und d
020 ## - INTERNATIONAL STANDARD BOOK NUMBER
International Standard Book Number 11250
041 ## - LANGUAGE CODE
Language code of text/sound track or separate title eng
082 ## - DEWEY DECIMAL CLASSIFICATION NUMBER
Classification number 658.834
Item number HAW
100 ## - MAIN ENTRY--PERSONAL NAME
Personal name Hawkins D I
9 (RLIN) 96437
245 ## - TITLE STATEMENT
Title D. B. Needham Lifestile Survey Data Disk for Use With Consumer Behavior Building Mktg. Strategy
260 ## - PUBLICATION, DISTRIBUTION, ETC. (IMPRINT)
Date of publication, distribution, etc. 2007
Name of publisher, distributor, etc. Tata Mcgraw Hill
Place of publication, distribution, etc. New Delhi
650 ## - SUBJECT ADDED ENTRY--TOPICAL TERM
Topical term or geographic name as entry element Marketing management
906 ## - LOCAL DATA ELEMENT F, LDF (RLIN)
b General
Holdings
Withdrawn status Lost status Damaged status Not for loan Home library Current library Date acquired Vendor Total Checkouts Full call number Barcode Date last seen Bill Date Koha item type Original Barcode
        Smt. Hiraben Nanavati Institute of Management & Research for Women Smt. Hiraben Nanavati Institute of Management & Research for Women 05/09/2007 Satya Gilani   658.834 HAW HIMR-AV-821 07/10/2022 05/09/2007 Video Casset AV0821
        Smt. Hiraben Nanavati Institute of Management & Research for Women Smt. Hiraben Nanavati Institute of Management & Research for Women 25/11/2010 Satya Gilani   658.834 HAW HIMR-AV-1276 07/10/2022 26/11/2010 Video Casset AV1276
        Smt. Hiraben Nanavati Institute of Management & Research for Women Smt. Hiraben Nanavati Institute of Management & Research for Women 25/11/2010 Satya Gilani   658.834 HAW HIMR-AV-1277 07/10/2022 26/11/2010 Video Casset AV1277